Курс общей физики: учебник для физ.-мат. и физ.-техн. фак. гос. ун-тов

Bibliographische Detailangaben
1. Verfasser: Фриш С. Е.
Weitere Verfasser: Тиморева А. В.
Sprache:Russisch
Veröffentlicht: Москва, Гостехиздат, 1954-
Format: Buch
KOHA link:https://koha.lib.tpu.ru/cgi-bin/koha/opac-detail.pl?biblionumber=70633

MARC

LEADER 00000nam1a2200000 4500
001 70633
005 20231031081748.0
035 |a (RuTPU)RU\TPU\book\75198 
090 |a 70633 
100 |a 20041125d1954 m y0rusy50 ca 
101 0 |a rus 
102 |a RU 
200 1 |a Курс общей физики  |e учебник для физ.-мат. и физ.-техн. фак. гос. ун-тов  |f С. Е. Фриш, А. В. Тиморева 
210 |a Москва  |c Гостехиздат  |d 1954- 
675 |a 53  |v 3 
700 1 |a Фриш  |b С. Е. 
701 1 |a Тиморева  |b А. В. 
801 1 |a RU  |b 63413507  |c 20041125  |g PSBO 
801 2 |a RU  |b 63413507  |c 20041125  |g PSBO 
942 |c BK